000 00255nam a2200109Ia 4500
008 190912s9999||||xx |||||||||||||| ||und||
100 _aGarson, Williams
245 0 _aPublic Administration
260 _aUSA
_bMcGraw-Hill
_c1982
300 _a472
942 _cBK
999 _c7331
_d7331